000 01888nam a22004817a 4500
003 OSt
005 20230420091131.0
008 221006b |||||||| |||| 00| 0 eng d
040 _cBiblioteca Lado V
082 _a701.18
_bM984a
100 _9801
_aMurria, Alicia
_eeditor
_edirector
245 _aArtecontexto/
_bArte, cultura, nuevos medios/
260 _bAsociación de Revistas Culturales de España
_c2003
_aMadrid
300 _c22x22cm
_a146p.
366 _efre
366 _eeng
490 _v2003
_x1697-2341
_a1
505 _tPrimera Pagina
_aAlicia Murria
505 _tDossier: Arte publico
505 _tUsos, abusos y desusos del espacio publico
505 _tCiudades, ciudades, ciudades: Actos de antropología en los espacios públicos
505 _tLa tierra
505 _tRestos de territorios y nuevos desiertos
505 _tLa acción urbana como forma de resistencia estético-politico
505 _tUn caso paradójico: la "deprivatización" del territorio empresarial
505 _tInteracciones con el espacio publico: poéticas políticas
505 _tEl eterno murmullo en mi interior
505 _tLas cosas que deben mirarse
505 _tCibercontexto
505 _t Noticias
505 _tCriticas de exposiciones
505 _tLibros
650 _2Tesauro de Arte & Arquitectura
_aARTE
_9703
650 _2Tesauro de Arte & Arquitectura
_aEXPOSICIONES
650 _2Tesauro de Arte & Arquitectura
_aCULTURA
650 _2Tesauro de Arte & Arquitectura
_aAPRECIACION
650 _2Tesauro de Arte & Arquitectura
_aTEORIA
650 _2Tesauro de Arte & Arquitectura
_aCRITICA
650 _2Tesauro de Arte & Arquitectura
_aFOTOGRAFIA
_9702
650 _2Tesauro de Arte & Arquitectura
_aLITERATURA
650 _2Tesauro de Arte & Arquitectura
_aESPAÑA
942 _2ddc
_c1
_h701.18
_iM984a
_n0
999 _c3391
_d3391